Tìm hiểu cấu trúc và hướng dẫn sửa chữa bảotrì máy PC T.2 /

Zapisane w:
Opis bibliograficzny
1. autor: Phạm Hoàng Dũng
Format: Książka
Język:Vietnamese
Wydane: Lao động xã hội 2001
Etykiety: Dodaj etykietę
Nie ma etykietki, Dołącz pierwszą etykiete!
Thư viện lưu trữ: Mạng thư viện Đại học Đà Nẵng
LEADER 00741nam a2200265 4500
001 000028051
003 PH-DG
005 20150403120000.0
008 150403s vm 000 vie
020 |c 0,0000 
040 |a notts 
100 |a Phạm Hoàng Dũng 
245 |a Tìm hiểu cấu trúc và hướng dẫn sửa chữa bảotrì máy PC T.2 /  |c Phạm Hoàng Dũng (chủbiên), Nguyễn Ngọc Minh Quang, Hoàng ĐứcHải. 
260 |b Lao động xã hội  |c 2001 
OWN |a LTT 
999 |a From the UDN01 
TYP |a Monograph 
TYP |a Printed language 
980 |a Mạng thư viện Đại học Đà Nẵng